Computer Science and Information Technology : (Record no. 198250)

MARC details
000 -LEADER
fixed length control field 00560nam a22001697a 4500
005 - DATE AND TIME OF LATEST TRANSACTION
control field 20230918112849.0
010 ## - LCCN (DPL NO)
LC control number ENG-138072
020 ## - INTERNATIONAL STANDARD BOOK NUMBER
International Standard Book Number 9789357052092
Terms of availability 975.00
035 ## - SYSTEM CONTROL NUMBER
System control number EN-121604
037 ## - SOURCE OF ACQUISITION
Source of stock number/acquisition DBAD/PUB
082 ## - DEWEY DECIMAL CLASSIFICATION NUMBER
Classification number 000
245 ## - TITLE STATEMENT
Title Computer Science and Information Technology :
Remainder of title GATE/
260 ## - PUBLICATION, DISTRIBUTION, ETC. (IMPRINT)
Place of publication, distribution, etc Uttar Pradesh
Name of publisher, distributor, etc Pearson India Education Services Pvt. Ltd.
Date of publication, distribution, etc 2023
270 ## - ADDRESS
Address 1st Floor, Berger Tower, Plot No. C-001A/2, Sector 16B
City Noida (Uttar Pradesh)
Postal code 201301
300 ## - PHYSICAL DESCRIPTION
Extent v.p.
Dimensions 26cm(pbk)
942 ## - ADDED ENTRY ELEMENTS (KOHA)
Source of classification or shelving scheme Dewey Decimal Classification
Item type English Books
Classification part 000
Call number suffix GAT
Holdings
Withdrawn status Lost status Not for loan Collection code Home library Current library Date acquired Source of acquisition Cost, normal purchase price Full call number Barcode Copy number Cost, replacement price Koha item type
      Non-fiction D.B.Act.Division D.B.Act.Division 18/09/2023 DBAD/PUB 975.00 000 GAT EN-121604 1 975.00 English Books

© Delhi Public Library
Hit Counter
free hit counter